| 000 | 00814nam a2200265 i 4500 | ||
|---|---|---|---|
| 003 | DO-SdBNP | ||
| 005 | 20231205143031.0 | ||
| 007 | ta | ||
| 008 | 210825b 2018 dr 00| 0 eng d | ||
| 020 | _a9789945609899 | ||
| 040 |
_aDO-SdBNP _bspa _cBNPHU _erda |
||
| 082 | 4 | _222 | |
| 100 | 1 |
_aPuigbó, Maríateresa, _d1963- _979575 _eautora |
|
| 245 | 1 | 0 |
_aHabitaciones al sol / _cMaríateresa Puigbó |
| 260 |
_aSanto Domingo : _bSantuario ; _c2018. |
||
| 264 |
_aSanto Domingo : _bSantuario, _c2018. |
||
| 300 |
_a58 páginas ; _c23 cm. |
||
| 336 |
_2rdacontent _atexto _btxt |
||
| 337 |
_2rdamedia _asin mediación _bn |
||
| 338 |
_2rdacarrier _avolumen _bnc |
||
| 500 | _aIncluye datos biográficos de la autora en la solapa de la cubierta | ||
| 590 | _aInventariado, 2021/BT | ||
| 910 | _aBtavárez | ||
| 942 |
_2ddc _cLBS1 |
||
| 999 |
_c50282 _d50282 |
||